000 00493nam a2200217Ia 4500
008 170918s9999 xx 000 0 und d
020 _a9780439436571
050 _bN736 2006
100 _aNix, Garth
245 4 _aThe keys to the kingdom /
245 _cby Garth Nix.
260 _aNew York :
260 _bScholastic,
260 _c2006
300 _a344 pages :
300 _billustrations ;
300 _c19cm.
300 _eSir Thursday ;
440 _a4
500 _a980
999 _c343296
_d343296